<?xml version="1.0" encoding="UTF-8"?>
<record
    xmlns:xsi="http://www.w3.org/2001/XMLSchema-instance"
    xsi:schemaLocation="http://www.loc.gov/MARC21/slim http://www.loc.gov/standards/marcxml/schema/MARC21slim.xsd"
    xmlns="http://www.loc.gov/MARC21/slim">

  <leader>01682nam2a22002651  4500</leader>
  <controlfield tag="001">RU\NLR\IC100\5000003084</controlfield>
  <controlfield tag="005">20250617143147.0</controlfield>
  <datafield tag="035" ind1=" " ind2=" ">
    <subfield code="a">(NLR Aleph) 002710448</subfield>
  </datafield>
  <datafield tag="090" ind1=" " ind2=" ">
    <subfield code="a">4402107</subfield>
    <subfield code="c">4402107</subfield>
  </datafield>
  <datafield tag="100" ind1=" " ind2=" ">
    <subfield code="a">20040212d1976    |||y0rusy50      ca</subfield>
  </datafield>
  <datafield tag="101" ind1="0" ind2=" ">
    <subfield code="a">rus</subfield>
  </datafield>
  <datafield tag="102" ind1=" " ind2=" ">
    <subfield code="a">RU</subfield>
  </datafield>
  <datafield tag="105" ind1=" " ind2=" ">
    <subfield code="a">y   |||||||||</subfield>
  </datafield>
  <datafield tag="200" ind1="0" ind2=" ">
    <subfield code="a">&#x412;&#x44B;&#x43F;.57</subfield>
  </datafield>
  <datafield tag="210" ind1=" " ind2=" ">
    <subfield code="d">1976</subfield>
    <subfield code="a">&#x411;. &#x43C;.</subfield>
  </datafield>
  <datafield tag="225" ind1="1" ind2=" ">
    <subfield code="a">...</subfield>
    <subfield code="v">&#x412;&#x44B;&#x43F;.57</subfield>
    <subfield code="i">...</subfield>
    <subfield code="v">&#x421;&#x431;.3</subfield>
  </datafield>
  <datafield tag="461" ind1=" " ind2="0">
    <subfield code="1">001RU\NLR\INFOCOMM55\5000113994</subfield>
    <subfield code="1">2001#$a&#x422;&#x440;&#x443;&#x434;&#x44B; &#x421;&#x438;&#x431;&#x410;&#x414;&#x418;$f&#x421;&#x438;&#x431;. &#x433;&#x43E;&#x441;. &#x430;&#x432;&#x442;&#x43E;&#x43C;&#x43E;&#x431;. &#x434;&#x43E;&#x440;. &#x430;&#x43A;&#x430;&#x434;. (&#x421;&#x438;&#x431;&#x410;&#x414;&#x418;)$v&#x412;&#x44B;&#x43F;.57</subfield>
    <subfield code="9">4508310</subfield>
    <subfield code="a">&#x421;&#x438;&#x431;&#x438;&#x440;&#x441;&#x43A;&#x430;&#x44F; &#x430;&#x432;&#x442;&#x43E;&#x43C;&#x43E;&#x431;&#x438;&#x43B;&#x44C;&#x43D;&#x43E;-&#x434;&#x43E;&#x440;&#x43E;&#x436;&#x43D;&#x430;&#x44F; &#x430;&#x43A;&#x430;&#x434;&#x435;&#x43C;&#x438;&#x44F; (&#x41E;&#x43C;&#x441;&#x43A;)</subfield>
    <subfield code="c">&#x41E;&#x43C;&#x441;&#x43A;</subfield>
    <subfield code="d">1935-</subfield>
    <subfield code="f">&#x421;&#x438;&#x431;. &#x433;&#x43E;&#x441;. &#x430;&#x432;&#x442;&#x43E;&#x43C;&#x43E;&#x431;. &#x434;&#x43E;&#x440;. &#x430;&#x43A;&#x430;&#x434;. (&#x421;&#x438;&#x431;&#x410;&#x414;&#x418;)</subfield>
    <subfield code="n">&#x418;&#x437;&#x434;-&#x432;&#x43E; &#x421;&#x438;&#x431;&#x410;&#x414;&#x418;</subfield>
    <subfield code="t">&#x422;&#x440;&#x443;&#x434;&#x44B; &#x421;&#x438;&#x431;&#x410;&#x414;&#x418;</subfield>
    <subfield code="v">&#x412;&#x44B;&#x43F;.57</subfield>
  </datafield>
  <datafield tag="462" ind1=" " ind2="0">
    <subfield code="1">001RU\NLR\IC100\5000003082</subfield>
    <subfield code="1">2001#$a&#x413;&#x438;&#x434;&#x440;&#x43E;&#x43F;&#x440;&#x438;&#x432;&#x43E;&#x434; &#x438; &#x441;&#x438;&#x441;&#x442;&#x435;&#x43C;&#x44B; &#x443;&#x43F;&#x440;&#x430;&#x432;&#x43B;&#x435;&#x43D;&#x438;&#x44F; &#x437;&#x435;&#x43C;&#x43B;&#x435;&#x440;&#x43E;&#x439;&#x43D;&#x43E;-&#x442;&#x440;&#x430;&#x43D;&#x441;&#x43F;&#x43E;&#x440;&#x442;&#x43D;&#x44B;&#x445; &#x43C;&#x430;&#x448;&#x438;&#x43D;$e&#x421;&#x431;&#x43E;&#x440;&#x43D;&#x438;&#x43A; &#x43D;&#x430;&#x443;&#x447;. &#x440;&#x430;&#x431;&#x43E;&#x442;$f&#x41C;-&#x432;&#x43E; &#x432;&#x44B;&#x441;&#x448;. &#x438; &#x441;&#x440;&#x435;&#x434;. &#x441;&#x43F;&#x435;&#x446;. &#x43E;&#x431;&#x440;&#x430;&#x437;. &#x420;&#x421;&#x424;&#x421;&#x420;. &#x421;&#x438;&#x431;. &#x430;&#x432;&#x442;&#x43E;&#x43C;&#x43E;&#x431;.-&#x434;&#x43E;&#x440;. &#x438;&#x43D;-&#x442; &#x438;&#x43C;. &#x412;.&#x412;.&#x41A;&#x443;&#x439;&#x431;&#x44B;&#x448;&#x435;&#x432;&#x430;$v&#x421;&#x431;.3</subfield>
    <subfield code="9">4402088</subfield>
    <subfield code="c">&#x41E;&#x43C;&#x441;&#x43A;</subfield>
    <subfield code="d">1973-</subfield>
    <subfield code="f">&#x41C;-&#x432;&#x43E; &#x432;&#x44B;&#x441;&#x448;. &#x438; &#x441;&#x440;&#x435;&#x434;. &#x441;&#x43F;&#x435;&#x446;. &#x43E;&#x431;&#x440;&#x430;&#x437;. &#x420;&#x421;&#x424;&#x421;&#x420;. &#x421;&#x438;&#x431;. &#x430;&#x432;&#x442;&#x43E;&#x43C;&#x43E;&#x431;.-&#x434;&#x43E;&#x440;. &#x438;&#x43D;-&#x442; &#x438;&#x43C;. &#x412;.&#x412;.&#x41A;&#x443;&#x439;&#x431;&#x44B;&#x448;&#x435;&#x432;&#x430;</subfield>
    <subfield code="o">&#x421;&#x431;&#x43E;&#x440;&#x43D;&#x438;&#x43A; &#x43D;&#x430;&#x443;&#x447;. &#x440;&#x430;&#x431;&#x43E;&#x442;</subfield>
    <subfield code="t">&#x422;&#x440;&#x443;&#x434;&#x44B; &#x421;&#x438;&#x431;&#x410;&#x414;&#x418;. - &#x413;&#x438;&#x434;&#x440;&#x43E;&#x43F;&#x440;&#x438;&#x432;&#x43E;&#x434; &#x438; &#x441;&#x438;&#x441;&#x442;&#x435;&#x43C;&#x44B; &#x443;&#x43F;&#x440;&#x430;&#x432;&#x43B;&#x435;&#x43D;&#x438;&#x44F; &#x437;&#x435;&#x43C;&#x43B;&#x435;&#x440;&#x43E;&#x439;&#x43D;&#x43E;-&#x442;&#x440;&#x430;&#x43D;&#x441;&#x43F;&#x43E;&#x440;&#x442;&#x43D;&#x44B;&#x445; &#x43C;&#x430;&#x448;&#x438;&#x43D;</subfield>
    <subfield code="v">&#x421;&#x431;.3</subfield>
  </datafield>
  <datafield tag="801" ind1=" " ind2="1">
    <subfield code="a">RU</subfield>
    <subfield code="b">InfoComm</subfield>
    <subfield code="c">20040212</subfield>
  </datafield>
  <datafield tag="801" ind1=" " ind2="0">
    <subfield code="a">RU</subfield>
    <subfield code="b">NLR</subfield>
    <subfield code="g">PSBO</subfield>
  </datafield>
  <datafield tag="852" ind1=" " ind2=" ">
    <subfield code="a">NLR</subfield>
    <subfield code="j">&#x41F;10/1970</subfield>
  </datafield>
  <datafield tag="942" ind1=" " ind2=" ">
    <subfield code="c">ISSUE</subfield>
  </datafield>
  <datafield tag="980" ind1=" " ind2=" ">
    <subfield code="a">NB</subfield>
  </datafield>
  <datafield tag="980" ind1=" " ind2=" ">
    <subfield code="a">RUSPER</subfield>
  </datafield>
</record>
